000 01421nam a2200229Ia 4500
001 15738
003 GE_BSU
008 181216s||||||||xx |||||||||||||| ||und||
010 _a9789941434884
040 _cGE_BSU
080 _a316(479.22)(063)
245 _aდავით მამულაძე 100-სამეცნიერო პრაქტიკული კონფერენციის მასალები
245 _cრედ:შემდგენელი სერგო დუმბაძე
260 _aბათუმი.
260 _bშოთა რუსთაველის უნიტის გამ-ბა
260 _c2014.
300 _a133გვ;ილ;19სმ
520 _aაჭარის ღვაწლმოსილ მუშაკთა პატივმიგებისა და მადლიერების საზოგადეობა,დავით მამულაძის საზოგადოება ,,მოამბე",აჭარის უხუცესთა სათათბირო,აჭარის განათლებისა და კულტურის მუზეუმი.
541 _h3ლ.84თ
653 _aდავით მამულაძე 100-სამეცნიერო პრაქტიკული კონფერენციის მასალები
942 _cBK
999 _c48836
_d48836